000 00530nam a2200217Ia 4500
003 OSt
005 20220928141750.0
006 a|||||r|||| 00| 0
007 ta
008 220927b |||||||| |||| 00| 0 eng d
024 _a17536
037 _cTextual
040 _aSDCL
_cSDCL
_beng
041 _2eng
_aeng
082 _aO15:gxF25,1, N2
100 _aJoshi Rekha
_9476795
245 0 _aVaghbattalankar.
260 _c1992
942 _hO15:gxF25,1, N2
_cTEXL
_2CC
999 _c819857
_d819857